Matthew's Adverb Mayhem! Quiz Stats

 Plays Quiz not verified by Sporcle

Score 0/22 Timer 03:00
0 Plays Today
% Correct
celeriter
71.4%
hodiē
71.4%
hic
57.1%
statim
57.1%
lentē
57.1%
strenuē
57.1%
non iam
57.1%
ibi
42.9%
simul
42.9%
etiam
42.9%
nunc
42.9%
% Correct
semper
28.6%
subito
28.6%
numquam
28.6%
furtim
28.6%
tum
28.6%
iterum
28.6%
adhuc
28.6%
nondum
28.6%
saepe
14.3%
deinde
14.3%
mox
14.3%

You're not logged in!

Compare scores with friends on all Sporcle quizzes.
OR
Log In

You Might Also Like...

Show Comments

Extras

Top Quizzes Today


Score Distribution

Your Account Isn't Verified!

In order to create a playlist on Sporcle, you need to verify the email address you used during registration. Go to your Sporcle Settings to finish the process.

Report this User

Report this user for behavior that violates our Community Guidelines.

Details: